000 00527nam a2200205 a 4500
005 20210219153314.0
008 991125n 000 0 eng u
035 _aUPN01000090442
100 _aYEVISH, Irving A.
222 _aTHE EDUCATIONAL FORUM
245 _aThe observation fallacy
260 _aIndiana, EUA
300 _a171-175
362 _a1968 Vol. 32, no. 2, jan.
653 0 _aENSEÑANZA
653 0 _aEVALUACION EDUCATIVA
653 0 _aMÉTODOS EDUCATIVOS
904 _aAC
_b028253
905 _aArticulo
999 _c73642
_d73642